Cities in Baden-Württemberg - Statistics

General Stats
  • This quiz has been taken 75 times
  • The average score is 18 of 29
Answers on the Grid
Answers color-coded by a green-red scale on the quiz's grid according to % correct below.
Potsdam
Tübingen
Coburg
Tauberbischofsheim
Karlsruhe
Albstadt
Peine
Schorndorf
Waldshut-Tiengen
Lahr/Schwarzwald
Soltau
Hechingen
Heiligenhafen
Weinheim
Besigheim
Cloppenburg
Minden
Radolfzell am Bodensee
Haldensleben
Konstanz
Überlingen
Templin
Schönebeck
Böblingen
Neugersdorf
Calw
Görlitz
Magdeburg
Tamm
Ulm
Oldenburg
Stuttgart
Reutlingen
Heilbronn
Pfullingen
Pößnek
Rastatt
Bruchsal
Ludwigsburg
Rehau
Ravensburg
Haale
Freiburg
Oranienburg
Pforzheim
Weingarten
Mannheim
Emden
Aurich
Vöhringen
 
Answer Stats
Answer % Correct
Karlsruhe
88%
Tübingen
86%
Freiburg
78%
Heilbronn
78%
Konstanz
76%
Stuttgart
76%
Lahr/Schwarzwald
74%
Mannheim
74%
Ulm
72%
Böblingen
71%
Pforzheim
71%
Reutlingen
71%
Calw
60%
Ludwigsburg
60%
Ravensburg
60%
Tauberbischofsheim
59%
Rastatt
55%
Albstadt
53%
Überlingen
52%
Weingarten
52%
Waldshut-Tiengen
50%
Hechingen
48%
Radolfzell am Bodensee
48%
Weinheim
48%
Bruchsal
47%
Schorndorf
47%
Pfullingen
45%
Besigheim
43%
Tamm
24%
No matching quizzes found
Score Distribution
Percent of People with Each Score
Percentile by Number Answered
Your Score History
You have not taken this quiz